Κατάλογος Βιβλιοθηκών Mediterranean College

Χρήμα - Πίστη - Τράπεζες / Μια Εισαγωγή στη Νομισματική Θεωρία και Πολιτική και στις Χρηματοπιστωτικές Αγορές (Record no. 2158)

MARC details
000 -LEADER
fixed length control field 01973cam a22001934a 4500
005 - ΗΜΕΡΟΜΗΝΙΑ ΚΑΙ ΩΡΑ ΤΕΛΕΥΤΑΙΑΣ ΕΝΗΜΕΡΩΣΗΣ
Πεδίο ελέγχου 20250605164032.0
008 - FIXED-LENGTH DATA ELEMENTS--GENERAL INFORMATION
Πεδίο ελέγχου σταθερού μήκους 250528s ||||||||||||||||||||||||d
035 ## - SYSTEM CONTROL NUMBER
System control number 16683
020 ## - ISBN
ISBN 9607306236
040 ## - ΠΗΓΗ ΚΑΤΑΛΟΓΟΓΡΑΦΗΣΗΣ
Φορέας πρωτότυπης καταλογογράφησης MC Athens Campus Library
Γλώσσα καταλογογράφησης Ελληνικά, Μοντέρνα (1453-)
Modifying agency MC Athens Campus Library
Κανόνες περιγραφικής καταλογογράφησης AACR2
245 1# - ΤΙΤΛΟΣ ΚΑΙ ΔΗΛΩΣΗ ΥΠΕΥΘΥΝΟΤΗΤΑΣ
Τίτλος Χρήμα - Πίστη - Τράπεζες / Μια Εισαγωγή στη Νομισματική Θεωρία και Πολιτική και στις Χρηματοπιστωτικές Αγορές
260 ## - PUBLICATION, DISTRIBUTION, ETC.
Name of publisher, distributor, etc. Σταμούλης Α,
Date of publication, distribution, etc. 1993
300 ## - PHYSICAL DESCRIPTION
Extent 464
520 ## - SUMMARY, ETC.
Summary, etc. Πρόλογος, Εισαγωγή, Χρήμα και Οικονομική Δραστηριότητα, Έννοια και Λειτουργίες και Εξέλιξη του Χρήματος, Η Δημιουργία Χρήματος από το Τραπεζικό Σύστημα και η Προσφορά Χρήματος, Το Χρηματοπιστωτικό Σύστημα και οι Χρηματοπιστωτικές Αγορές, Η Ζήτηση Χρήματος, Η Ισορροπία στην Αγορά Χρήματος, Η Νομισματική Πολιτική στα Πλαίσια της Γενικής Οικονομικής Πολιτικής, Το Χρήμα στις Διεθνείς Οικονομικές Σχέσεις, Συνάλλαγμα και Συναλλαγματική Πολιτική και Αγορές Συναλλάγματος, Αγορές Κεφαλαίου και Αγορές Εργασίας, Οι Αγορές Χρήματος, Future και Swaps και Options, Αγορές Όψεως και Προθεσμιακές Αγορές, Τα Επιτόκια και η Διάρθρωση τους, Τα Επιτόκια και οι Αποδόσεις των Τοκοφόρων Τίτλων, Η Διάρθρωση των Επιτοκίων, Βιβλιογραφία.
700 1# - ΠΡΟΣΘΕΤΗ ΑΝΑΓΡΑΦΗ--ΦΥΣΙΚΟ ΠΡΟΣΩΠΟ
Personal name Ζαχαριάδης-Σούρας Δημήτρης
9 (RLIN) 2771
942 ## - ADDED ENTRY ELEMENTS (KOHA)
Koha item type Books
Holdings
Τύπος τεκμηρίου Βιβλιοθήκη Τρέχουσα τοποθεσία Barcode Αριθμός εισαγωγής Ημερομηνία απόκτησης Ταξιθετικό σύμβολο Αριθμός αντιτύπου Κατάσταση απόσυρσης Κατάσταση χαμένου Κατάσταση κατεστραμμένου Μη δανεισμός Σύνολο δανεισμών Ημερομηνία τελευταίας εμφάνισης Η τιμή ισχύει από
Books MC Athens Campus Library MC Athens Campus Library 9780000021571 4888 05/06/2025 332.4 ZAH 1           05/06/2025 05/06/2025

MC Athens Campus Library
Πατησίων 94 & Κοδριγκτώνος 13, 104 34
Πελλήνης 8 & Πατησίων 107, 112 51
Τ: +30 210 8899600

MC Thessaloniki Campus Library
Ίωνος Δραγούμη 21, 54625 | Ίωνος Δραγούμη 15, 54625
Τ: +30 2310 287779 – Τ: +30 2314 440300